000 00802nam a2200217 a 4500
001 001046499
003 AM-YeHGA
005 20250618074337.0
008 141112s2013 ai r 000 0 arm d
020 _a9789939515335
040 _aAM-YeHGA
041 1 _aarm
_heng
245 1 0 _aՓրկիչը տարեկանի արտում :
_bՎեպ /
_cՋ.Դ. Սելինջեր; Անգլ. թարգմ.՝ Ա. Աթաբեկյան; Խմբ.՝ Ա. Նիկողոսյան.
260 _aԵրևան :
_bԱնտարես,
_c2013.
300 _a240 էջ ;
_c20 սմ.
440 0 _aՕտարագիր
650 1 4 _aԱմերիկյան արձակ
700 1 _aԱթաբեկյան, Աստղիկ
_eթարգմ.
_4trl
_963
700 1 _aՆիկողոսյան, Արքմենիկ Հրայրի,
_d1979-
_eխմբ.
_4edt
_94117
090 _c343551
999 _c341761
_d341761